| 000 | 00762nam a22002057a 4500 | ||
|---|---|---|---|
| 999 |
_c9108 _d9108 |
||
| 003 | AR-CdUCM | ||
| 008 | 190327b ||||| |||| 00| 0 spa d | ||
| 040 |
_aMUNICIPALIDAD PROVINCIAL DEL CUSCO _cBIBLIOTECA MUNICIPAL DEL CUSCO |
||
| 082 |
_23ed. _a985.009 / _bP31 |
||
| 100 |
_aPavletich, Esteban _9785 |
||
| 245 |
_aLeoncio Prado : _bUna vida al servicio de la libertad / |
||
| 260 |
_aLima : _bDemos Editores, _c1958. |
||
| 300 |
_a141 paginas ; _c20 cm. |
||
| 500 | _aDonación familia Nieto. | ||
| 505 | _aContenido :Jose Gálvez -- General Felipe de la Barra -- Sobre la rosa de los vientos -- En marcha hacia el abismo -- Inmolación ... | ||
| 650 |
_aHistoria del Perú _9259 |
||
| 650 |
_aBibliografías _9991 |
||
| 942 |
_2ddc _cLIBROS |
||
| 945 | _arum | ||